000 01046cad a22002055a 4500
001 L152043
008 110128e20110126xxk 000 0 eng d
035 _a(Sirsi) u152043
041 0 _aeng
100 1 _aMcClendon, Brian
245 0 0 _aRetiring real estate on Google Maps
_h[electronic resource]
260 _c2011
490 _aGoogle Lat Long Blog
_v26 January 2011
520 _aGoogle is withdrawing the real estate feature for United States, Australia, New Zealand, UK and Japan within Google Maps from 10 February 2011. This partly due to low usage, the proliferation of excellent property-search tools on real estate websites, and the infrastructure challenge posed by the impending retirement of the Google Base API.
590 _aKA NTK
651 4 _aInternational
690 _aENVIRONMENTAL AND LAND CONSULTANCY-GEOMATICS-MAPPING AND POSITIONING
856 4 0 _uhttps://google-latlong.blogspot.com/2011/01/retiring-real-estate-on-google-maps.html
_z View this item free of charge at www.google-latlong.blogspot.com
942 _n0
999 _c82888
_d82888